| 000 | 01192nam a2200289 a 4500 | ||
|---|---|---|---|
| 001 | 000003685 | ||
| 003 | DO-SdBNP | ||
| 005 | 20260321073638.0 | ||
| 007 | ta | ||
| 008 | 090713s1995 dr 000 j spa d | ||
| 040 |
_aDO-SdBNP _bspa _cBNPHU _erda |
||
| 082 | 4 |
_aRD863.44 _bB742cue, 1995 _222 |
|
| 100 | 1 |
_a Bosch, Juan, _d1909-2001 _eautor _4aut. _976555 |
|
| 245 | 1 | 0 |
_aCuentos escritos en el exilio / _cJuan Bosch. |
| 250 | _avigésima segunda | ||
| 264 | 4 |
_aSanto Domingo : _bEditora Alfa y Omega, _c1995. |
|
| 300 |
_a279 páginas ; _c22 cm. |
||
| 336 |
_atexto _btxt _2rdacontent |
||
| 337 |
_asin mediación _bn _2rdamedia |
||
| 338 |
_avolumen _bnc _2rdacarrier |
||
| 505 |
_aApuntes sobre el arte de escribir cuentos -- _tLos amos-- _tEn un bohío/ _rLuis Pie-- _tLa noche buena de Encarnación Mendoza -- _tEl funeral-- _tRumbo al puerto de origen -- _tLa desgracia -- _t El hombre que lloró / _r Victoriano Segura -- _t La mancha indeleble -- _t El indio Manuel Sicuri -- _tCuento de navidad. |
||
| 590 | _aInventariado, 2020/MFF | ||
| 650 | 4 |
_aCuentos dominicanos _9176 |
|
| 650 | 4 |
_aLiteratura dominicana. _967 |
|
| 910 | _aValidado. Control de calidad MMOLINA | ||
| 942 |
_2ddc _cLBS1 |
||
| 999 |
_c3507 _d3507 |
||